书目信息 |
| 题名: |
南方城市美学意象
|
|
| 作者: | 谭元亨 著 | |
| 分册: | ||
| 出版信息: | 广州 华南理工大学出版社 2003.01 |
|
| 页数: | 248页 | |
| 开本: | 20cm | |
| 丛书名: | 华南理工大学科学丛书 | |
| 单 册: | ||
| 中图分类: | B834.2 | |
| 科图分类: | ||
| 主题词: | 城市学--美学 | |
| 电子资源: | ||
| ISBN: | 7-5623-1880-8 | |
| 000 | 00810nam 2200241 450 | |
| 001 | 010239633656 | |
| 005 | 20051015155836.84 | |
| 010 | @a7-5623-1880-8@dCNY25.00 | |
| 100 | @a20050812d2003 km y0chiy0120 ea | |
| 101 | 0 | @achi |
| 102 | @aCN@b440000 | |
| 105 | @aa z 000yy | |
| 200 | 1 | @a南方城市美学意象@Anan fang cheng shi mei xue yi xiang@f谭元亨著@Ftan yuan heng zhu |
| 210 | @a广州@c华南理工大学出版社@d2003.01 | |
| 215 | @a248页@c图@d20cm | |
| 225 | 2 | @a华南理工大学科学丛书 |
| 330 | @a本书共有5章,包括:“珠江三角洲城市群与中心城市”、“珠江口两侧的区域性中心城市”、“周边城市的定位与选择”等。 | |
| 410 | 0 | @12001 @a华南理工大学科学丛书 |
| 606 | 0 | @a城市学@x美学 |
| 690 | @aB834.2@v4 | |
| 701 | 0 | @a谭元亨@Atan yuan heng@4著 |
| 801 | 0 | @aCN@bQSSK@c20051015 |
| 905 | @a10447@dB834.2@eT142 | |
| 南方城市美学意象/谭元亨著.-广州:华南理工大学出版社,2003.01 |
| 248页:图;20cm.-(华南理工大学科学丛书) |
| ISBN 7-5623-1880-8:CNY25.00 |
| 本书共有5章,包括:“珠江三角洲城市群与中心城市”、“珠江口两侧的区域性中心城市”、“周边城市的定位与选择”等。 |
| ● |
| 相关链接 |
|
|
|
正题名:南方城市美学意象
索取号:B834.2/T142
 
预约/预借
| 序号 | 登录号 | 条形码 | 馆藏地/架位号 | 状态 | 备注 |
| 1 | 574583 | 205745835 | 社科库509/509社科库 33排4列1层/ [索取号:B834.2/T142] | 在馆 | |
| 2 | 574584 | 205745844 | 社科库509/509社科库 33排4列1层/ [索取号:B834.2/T142] | 在馆 |